Butlletí interior /
Descripción Física:
1 exemplars periodicitat desconeguda ; 32 cm
Materias:
Federació Nacional d'Estudiants de Catalunya
; Associacions d'estudiants -- Catalunya -- Revistes
; Revistes
Idioma:
Catalán
MARC
| LEADER | 00000nas a2200000 a 4500 | ||
|---|---|---|---|
| 001 | 27845 | ||
| 003 | Arxiu | ||
| 005 | 20260324181524.0 | ||
| 008 | 160829s19361937spc n p xx cat c | ||
| 040 | |a AGDB |b cat | ||
| 110 | |a Federació Nacional d'Estudiants de Catalunya. |b Comissariat de Relacions Comarcals |9 71076 | ||
| 245 | 0 | 0 | |a Butlletí interior / |c Comissariat de Relacions Comarcals de la F.N.E.C. - U.G.T. |
| 260 | |a Barcelona : |b FNEC ; |c 1936- | ||
| 300 | |a 1 exemplars |b periodicitat desconeguda ; |c 32 cm | ||
| 310 | |a Desconeguda | ||
| 590 | |a Periodicitat desconeguda. | ||
| 610 | 2 | 0 | |9 56353 |a Federació Nacional d'Estudiants de Catalunya |
| 650 | 0 | |a Associacions d'estudiants |x Catalunya |x Revistes |9 47935 |2 Arxiu | |
| 655 | 0 | |9 55823 |a Revistes | |
| 710 | 2 | |9 56353 |a Federació Nacional d'Estudiants de Catalunya |e entitat editora | |
| 866 | |a Núm. 1 (1936) | ||
| 901 | |a Arxiu | ||
| 942 | |n 1 |2 udc |c REV | ||
| 952 | |0 0 |1 0 |4 0 |6 REV2122 |7 1 |9 97011 |a Arxiu |b Arxiu |d 2024-05-06 |h Núm. 1 (novembre 1936) |l 0 |o Rev-2122 |p 27845 |r 2024-05-06 00:00:00 |w 2024-05-06 |y ARXIU | ||
| 999 | |c 128846 |d 128846 | ||